<?xml version="1.0" encoding="UTF-8"?><?xml-stylesheet type="text/xsl" href="static/style.xsl"?><OAI-PMH xmlns="http://www.openarchives.org/OAI/2.0/" xmlns:xsi="http://www.w3.org/2001/XMLSchema-instance" xsi:schemaLocation="http://www.openarchives.org/OAI/2.0/ http://www.openarchives.org/OAI/2.0/OAI-PMH.xsd"><responseDate>2026-04-17T23:02:29Z</responseDate><request verb="GetRecord" identifier="oai:www.recercat.cat:20.500.12694/7365" metadataPrefix="marc">https://recercat.cat/oai/request</request><GetRecord><record><header><identifier>oai:recercat.cat:20.500.12694/7365</identifier><datestamp>2025-12-18T12:09:17Z</datestamp><setSpec>com_2072_179042</setSpec><setSpec>col_2072_484474</setSpec></header><metadata><record xmlns="http://www.loc.gov/MARC21/slim" xmlns:dcterms="http://purl.org/dc/terms/" xmlns:xsi="http://www.w3.org/2001/XMLSchema-instance" xmlns:doc="http://www.lyncode.com/xoai" xsi:schemaLocation="http://www.loc.gov/MARC21/slim http://www.loc.gov/standards/marcxml/schema/MARC21slim.xsd">
   <leader>00925njm 22002777a 4500</leader>
   <datafield ind2=" " ind1=" " tag="042">
      <subfield code="a">dc</subfield>
   </datafield>
   <datafield ind2=" " ind1=" " tag="720">
      <subfield code="a">Antón Delgado, Abel</subfield>
      <subfield code="e">author</subfield>
   </datafield>
   <datafield ind2=" " ind1=" " tag="260">
      <subfield code="c">2023-09</subfield>
   </datafield>
   <datafield ind2=" " ind1=" " tag="520">
      <subfield code="a">Aquest és un treball sobre la creació interpretativa, el paper de l’intèrpret en el procés musical i el diàleg amb el públic que l’escolta. Un treball que redefineix alguns dels conceptes historiogràfics de la música mitjançant la performance, i no tant a través dels compositors, i que proposa un viatge a través del so i l’espai a bord de la tecnologia d’àudio immersiu, amb la Fuga de la Sonata per a violí en sol menor, BWV 1001, de J. S. Bach com a punt de partida i d’arribada.</subfield>
   </datafield>
   <datafield ind2=" " ind1=" " tag="520">
      <subfield code="a">Este es un trabajo sobre la creación interpretativa, el papel del intérprete en el proceso musical y el diálogo con el público que lo escucha. Un trabajo que redefine algunos de los conceptos historiográficos de la música mediante la performance, no tanto a través de los compositores, y que propone un viaje a través del sonido y el espacio, a bordo de la tecnología de audio inmersivo, con la Fuga de la Sonata para violín en sol menor, BWV 1001, de J. S. Bach, como punto de partida y de llegada.</subfield>
   </datafield>
   <datafield ind2=" " ind1=" " tag="520">
      <subfield code="a">This is a project about creative performance, the role of the performer in the musical process, and the dialogue with the audience that listens to them. It is a project that redefines some of the historiographical concepts of music through performance, rather than through composers, and it proposes a journey through sound and space by means of immersive audio technology, with J. S. Bach’s Fugue from the Sonata for Violin in G Minor, BWV 1001, as the point of departure and return.</subfield>
   </datafield>
   <datafield ind1="8" ind2=" " tag="024">
      <subfield code="a">http://hdl.handle.net/20.500.12694/7365</subfield>
   </datafield>
   <datafield tag="653" ind2=" " ind1=" ">
      <subfield code="a">TFG Música clàssica i contemporània</subfield>
   </datafield>
   <datafield tag="653" ind2=" " ind1=" ">
      <subfield code="a">Formes musicals</subfield>
   </datafield>
   <datafield tag="653" ind2=" " ind1=" ">
      <subfield code="a">Creació literària, artística, etc.</subfield>
   </datafield>
   <datafield tag="653" ind2=" " ind1=" ">
      <subfield code="a">Bach, Johann Sebastian, 1685-1750. Sonaten und Partiten, violí, BWV 1001-1006. Sonata, núm. 1. Fuga--Anàlisi i apreciació</subfield>
   </datafield>
   <datafield tag="653" ind2=" " ind1=" ">
      <subfield code="a">Violí--Música per a</subfield>
   </datafield>
   <datafield tag="653" ind2=" " ind1=" ">
      <subfield code="a">Concerts (Execució musical)</subfield>
   </datafield>
   <datafield ind2="0" ind1="0" tag="245">
      <subfield code="a">Escaping Bach: espai i noves formes d'escolta: una proposta de concert alternativa</subfield>
   </datafield>
</record></metadata></record></GetRecord></OAI-PMH>